<?xml version="1.0" encoding="UTF-8"?><?xml-stylesheet type="text/xsl" href="static/style.xsl"?><OAI-PMH xmlns="http://www.openarchives.org/OAI/2.0/" xmlns:xsi="http://www.w3.org/2001/XMLSchema-instance" xsi:schemaLocation="http://www.openarchives.org/OAI/2.0/ http://www.openarchives.org/OAI/2.0/OAI-PMH.xsd"><responseDate>2026-04-17T11:43:11Z</responseDate><request verb="GetRecord" identifier="oai:www.recercat.cat:10230/44505" metadataPrefix="marc">https://recercat.cat/oai/request</request><GetRecord><record><header><identifier>oai:recercat.cat:10230/44505</identifier><datestamp>2025-12-22T13:34:01Z</datestamp><setSpec>com_2072_6</setSpec><setSpec>col_2072_452952</setSpec></header><metadata><record xmlns="http://www.loc.gov/MARC21/slim" xmlns:dcterms="http://purl.org/dc/terms/" xmlns:xsi="http://www.w3.org/2001/XMLSchema-instance" xmlns:doc="http://www.lyncode.com/xoai" xsi:schemaLocation="http://www.loc.gov/MARC21/slim http://www.loc.gov/standards/marcxml/schema/MARC21slim.xsd">
   <leader>00925njm 22002777a 4500</leader>
   <datafield ind2=" " ind1=" " tag="042">
      <subfield code="a">dc</subfield>
   </datafield>
   <datafield ind2=" " ind1=" " tag="720">
      <subfield code="a">Díaz Noci, Javier</subfield>
      <subfield code="e">author</subfield>
   </datafield>
   <datafield ind2=" " ind1=" " tag="720">
      <subfield code="a">Espejo Cala, Carmen</subfield>
      <subfield code="e">author</subfield>
   </datafield>
   <datafield ind2=" " ind1=" " tag="260">
      <subfield code="c">2020-05-12T08:32:54Z</subfield>
   </datafield>
   <datafield ind2=" " ind1=" " tag="260">
      <subfield code="c">2020-05-12T08:32:54Z</subfield>
   </datafield>
   <datafield ind2=" " ind1=" " tag="260">
      <subfield code="c">2020</subfield>
   </datafield>
   <datafield ind2=" " ind1=" " tag="520">
      <subfield code="a">Este trabajo pretende explicar qué modelos de negocio se perfilaron en los inicios del periodismo europeo y español (siglos XVI-XVII). Recogemos en él los resultados de investigación de nuestros trabajos previos sobre escenarios locales y casos particulares para intentar, a partir de ellos, diseñar un marco común de interpretación sobre la estructura de la propiedad y producción de los medios impresos en la Edad Moderna. El artículo se estructura en dos partes: en la primera, hacemos una tipología de los oficios y funciones relacionadas con la recopilación, producción y difusión de noticias, y su relación con el poder civil y eclesiástico. En la segunda nos referimos a un caso que podemos destacar como paradigmático, pues da idea de la notable complejidad que alcanza el periodismo como objeto de comercio ya en sus primeros siglos de existencia: el caso de Sevilla.</subfield>
   </datafield>
   <datafield ind2=" " ind1=" " tag="520">
      <subfield code="a">This paper aims to explain what business models were outlined at the beginning of European and Spanish journalism (XVI-XVII centuries). We gather in it the research results of our previous works on local scenarios and particular cases to try, from them, to design a common framework of interpretation on the structure of property and production of print media in the Modern Age. The article is structured in two parts: in the first one, we make a typology of the jobs and functions related to the collection, production and dissemination of news, and its relationship with the civil and ecclesiastical power. In the second we refer to a case that we can highlight as paradigmatic, because it gives an idea of the remarkable complexity of journalism as an object of trade already in its first centuries of existence: the case of Seville journalism.</subfield>
   </datafield>
   <datafield tag="653" ind2=" " ind1=" ">
      <subfield code="a">Historia del periodismo</subfield>
   </datafield>
   <datafield tag="653" ind2=" " ind1=" ">
      <subfield code="a">Gacetas</subfield>
   </datafield>
   <datafield tag="653" ind2=" " ind1=" ">
      <subfield code="a">Edad Moderna</subfield>
   </datafield>
   <datafield tag="653" ind2=" " ind1=" ">
      <subfield code="a">Impresores</subfield>
   </datafield>
   <datafield tag="653" ind2=" " ind1=" ">
      <subfield code="a">Editores</subfield>
   </datafield>
   <datafield tag="653" ind2=" " ind1=" ">
      <subfield code="a">Gaceteros</subfield>
   </datafield>
   <datafield tag="653" ind2=" " ind1=" ">
      <subfield code="a">Poderes locales</subfield>
   </datafield>
   <datafield tag="653" ind2=" " ind1=" ">
      <subfield code="a">History of journalism</subfield>
   </datafield>
   <datafield tag="653" ind2=" " ind1=" ">
      <subfield code="a">Gazettes</subfield>
   </datafield>
   <datafield tag="653" ind2=" " ind1=" ">
      <subfield code="a">Early Modern Europe</subfield>
   </datafield>
   <datafield tag="653" ind2=" " ind1=" ">
      <subfield code="a">Printers</subfield>
   </datafield>
   <datafield tag="653" ind2=" " ind1=" ">
      <subfield code="a">Editors</subfield>
   </datafield>
   <datafield tag="653" ind2=" " ind1=" ">
      <subfield code="a">Local powers</subfield>
   </datafield>
   <datafield ind2="0" ind1="0" tag="245">
      <subfield code="a">Propiedad, modelos de negocio y poder en los albores del periodismo: centro y periferia en la prensa en lengua(s) española(s) del siglo XVII</subfield>
   </datafield>
</record></metadata></record></GetRecord></OAI-PMH>